| 000 | 00356nam a22001337a 4500 | ||
|---|---|---|---|
| 008 | 250404b |||||||| |||| 00| 0 eng d | ||
| 020 | _a9783403013 | ||
| 050 |
_aHJ9929 _b.A75 |
||
| 100 | _aARINZE E. Peter | ||
| 245 | _aThe Nigerian Public Finance and The Nigerian Society | ||
| 260 |
_aJos _bAnet Production Ltd. _c1998 |
||
| 300 | _avi, 188p. | ||
| 942 | _cBK | ||
| 999 |
_c2856 _d2856 |
||